Visualizzazione normale
Vista MARC
- Mantovani Nadia
di Personal Name
Records bibliografici associati: 1
001 - CONTROL NUMBER
- control field: 56234
003 - CONTROL NUMBER IDENTIFIER
- control field: IT-RoPau
005 - DATE AND TIME OF LATEST TRANSACTION
- control field: 20170303154753.0
008 - FIXED-LENGTH DATA ELEMENTS
- fixed length control field: 170303|| aca||aabn | a|a d
040 ## - CATALOGING SOURCE
- Original cataloging agency: IT-RoPau
- Transcribing agency: IT-RoPau
100 ## - HEADING--PERSONAL NAME
- Personal name: Mantovani Nadia
670 ## - SOURCE DATA FOUND
- Source citation: Work cat.: (IT-RoPau): Mantovani Nadia, Moral tales of the teenage parent: narratives of change, personal transformation and growth, 2015